| 000 | nam a22 a 4500 | ||
|---|---|---|---|
| 999 |
_c2579 _d2579 |
||
| 003 | AKMAL | ||
| 005 | 20170517113641.0 | ||
| 008 | 170517s1999 my 00 may d | ||
| 020 |
_a9676110140 (kkt. ): _cRM32.00 |
||
| 040 | _aAKMAL | ||
| 082 | 0 | 4 |
_a621.309 MAR _221 |
| 090 | 0 | 0 |
_a621.309 _bMAR |
| 100 | 0 |
_aMarizan Sulaiman _95383 |
|
| 245 | 1 | 0 |
_aAnalisis rangkaian : _bsistem kuasa elektrik moden / _cMarizan Sulaiman |
| 260 |
_aKuala Lumpur : _bUtusan Publications & Distributors, _c1999 |
||
| 300 | 0 | 0 |
_a170ms. : _bil. ; _c26cm |
| 500 | _aMengandungi indeks | ||
| 500 | _aMengandungi soalan dan jawapan | ||
| 504 | _aBibliografi: ms. 164 | ||
| 650 | 0 |
_aElectric power transmission _95384 |
|
| 650 | 0 |
_aElectric power systems _95385 |
|
| 942 |
_2ddc _cBOOK |
||